On This Day: June 26th Quiz Stats

 Plays Quiz Updated Jun 26, 2017

Support Sporcle.
Go Orange.
Score 0/7 Timer 03:00
0 Plays Today
Question Answer Wrong Answers
The iconic Cyclone wooden roller coaster opens in this New York City neighborhood.
1927
Coney Island
91.8%
Tribeca
1.9%
Little Italy
1.9%
Crown Heights
2.2%
The Treaty of Nanking comes into effect, and this territory is ceded to the British ‘in perpetuity’.
1843
Hong Kong
82.5%
Macau
5.5%
Taiwan
7%
Tibet
4.8%
US President John F. Kennedy gives his ‘Ich bin ein Berliner’ speech (or this, in English), in which he calls for support of a democratic West Germany after the Berlin Wall is erected.
1963
I am a Berliner
80.1%
Stand by Berlin
3.7%
We’re all Berliners
7.6%
United with Berlin
5.2%
This American baseball player, a five-time World Series champion who played 20 seasons with the New York Yankees, is born.
1974
Derek Jeter
77.6%
Jorge Posada
6.6%
Andy Pettitte
4.6%
Brett Gardner
7.1%
Madagascar gains its independence from ______.
1960
France
65.5%
United Kingdom
20.9%
United States
1%
Denmark
9.7%
This Christian observance is declared a federal holiday in the United States.
1870
Christmas
59.6%
Easter
32.5%
Lent
3.9%
Advent
2.8%
The US Supreme Court rules, 5–4, that same-sex couples have a constitutional right to marriage under the ______ Amendment to the United States Constitution.
2015
14th
35.9%
12th
11.8%
19th
19.1%
20th
28.9%

You're not logged in!

Compare scores with friends on all Sporcle quizzes.
OR
Log In
Forgot?

From the Vault

Christmas Sorting Blitz

by jyrops

Here at Sporcle, we think sorting is the best way to make sure everything is where it should be.
Remove Ads.
Support Sporcle.
Get the best of Sporcle when you Go Orange. This ad-free experience offers more features, more stats, and more fun while also helping to support Sporcle. Thank you for becoming a member.

Show Comments

Extras

Top Quizzes Today


Score Distribution

Your Account Isn't Verified!

In order to create a playlist on Sporcle, you need to verify the email address you used during registration. Go to your Sporcle Settings to finish the process.

Report this User

Report this user for behavior that violates our Community Guidelines.

Details: